000 00620nam a22002177a 4500
003 UA-OsUOA
001 68180
007 ta
008 20100409b un ||||| |||| 00| 0 ukr d
100 _aБардадим М.В.
090 _a330(477)
_bБ24
942 _cSA
040 _aUA-OsUOA
_bukr
_cUA-OsUOA
_dUA-OsUOA
245 _aПерспективи розвитку зернового комплексу України
300 _aС.57-62
955 _a0
041 _aukr
080 _a330(477)
773 0 _w68178
_tЕкономіка АПК
_dК.
_d2010
_g4
650 7 _a330 Економіка взагалі
_2UDC
999 _c354334
_d354334